000 00285nam a22001337a 4500
008 170227b xxu||||| |||| 00| 0 alb d
020 _a9789951460156
041 _aalb
080 _24rt
_a577
100 _a5
101 _aSHMB
245 _aBIOKIMIA KLINIKE
_cGAW, A
942 _2udc
_cBK
999 _c6323
_d6323